000 00889nam a22003137a 4500
001 BR2012009922
003 BR-BrBNA
005 20230928104113.0
007 ta
008 230509b bl.||||| |||| 00| 0 por d
040 _aBR-BrBNA
_bpor
_cBiblioteca Nacional de Agricultura
041 _a(Por)
072 _aF01
_b1587
_b1600
090 _ 1587 BR2012009922
110 1 _aEmpresa de Pesquisa Agropecuária de Minas Gerais, Prudente de Morais, MG (Brasil)
_94164
245 1 _aHortaliças não convencionais
260 3 _aPrudente de Morais, MG (Brasil):
_c2011.
300 _a22 p.
500 _a22 illus
650 _aHORTALIÇA
650 _aALIMENTO VEGETAL
650 _aCULINÁRIA
650 _aPRODUÇÃO VEGETAL
650 _aÉPOCA DE PLANTIO
650 _aCOLHEITA
650 _aPROPAGAÇÃO DE PLANTA
909 _a202309
_bLucia
_c55
_dLucia Elande
942 _cBK
999 _c78144
_d78144